| 000 | 00567nam a2200229Ia 4500 | ||
|---|---|---|---|
| 003 | OSt | ||
| 005 | 20221005123125.0 | ||
| 006 | a|||||r|||| 00| 0 | ||
| 007 | ta | ||
| 008 | 221004b |||||||| |||| 00| 0 kan d | ||
| 024 | _a59808 | ||
| 037 | _cTextual | ||
| 040 |
_aCRL _cCRL _bkan |
||
| 041 |
_2kan _akan |
||
| 082 | _aO33,1x(Y:351), L6 | ||
| 100 |
_aLingaraj D Au. _9633175 |
||
| 245 | 0 | _aKontipuje | |
| 260 | _c1976 | ||
| 650 | _aKANNAD POETRY | ||
| 942 |
_hO33,1x(Y:351), L6 _cTEXL _2cc |
||
| 999 |
_c1046445 _d1046445 |
||